|
|
|
|
| LEADER |
00868nam a22002411a 4500 |
| 001 |
000704469 |
| 003 |
CZ BrMZK |
| 005 |
20181204073750.0 |
| 008 |
040127s1971 xr e cze d |
| 015 |
|
|
|a cnb000432327
|
| 040 |
|
|
|a ABA001
|b cze
|c BOA001
|c ABA001
|d ABA001
|
| 080 |
|
|
|a 641.5:664.68(083.12)
|2 MRF
|
| 100 |
1 |
|
|a Davidová, Olga
|7 jk01022120
|4 ill
|
| 245 |
1 |
0 |
|a Vánoční pečivo /
|c Olga Davidová ; Il. E. Řežábková ; Fot.: St. Němec
|
| 250 |
|
|
|a 2. vyd.
|
| 260 |
|
|
|a Praha :
|b Práce,
|c 1971
|f (Rudé právo)
|
| 300 |
|
|
|a 30, [2] s. ;
|c 4°
|
| 490 |
1 |
|
|a Sešity domácího hospodaření ;
|v Sv. 47
|
| 500 |
|
|
|a Na obálce použito barev. fot. autorky
|
| 830 |
|
0 |
|a Sešity domácího hospodaření
|0 s
|
| 910 |
|
|
|a BOA001
|b X2-0656.222-71
|
| 990 |
|
|
|a BK
|
| 996 |
6 |
|
|b 2618940776
|c X2-0656.222-71
|l MZK
|r Sklad / do 24 hodin
|n 0
|w 000704469
|u 000010
|a 1
|e BOA001
|j MZK50
|s P
|